000 04906nam a2200493 i 4500
999 _c200436491
_d54703
001 200436491
003 TR-AnTOB
005 20231219000930.0
007 ta
008 171111s2019 tu ab e m 000 0 tur d
035 _a(TR-AnTOB)200436491
040 _aTR-AnTOB
_beng
_erda
_cTR-AnTOB
041 0 _aeng
099 _aTEZ TOBB SBE ULU YL’19 DEM
100 1 _aDemir, Orçun
_eauthor
_9125908
245 1 0 _aState identity, energy security and foreign policy :
_ba comparative analysis of Germany of Turkey /
_cOrçun Demir ; thesis advisor Birgül Demirtaş.
246 1 1 _aDevlet kimliği, enerji güvenliği ve dış politika : Alman ve Türkiye'nin karşılaştırmalı bir analizi
264 1 _aAnkara :
_bTOBB ETÜ Sosyal Bilimleri Enstitüsü,
_c2019.
300 _axiii, 138 pages :
_billustrations (soem color), maps ;
_c30 cm
336 _atext
_btxt
_2rdacontent
337 _aunmediated
_bn
_2rdamedia
338 _avolume
_bnc
_2rdacarrier
502 _aTez (Yüksek Lisans)--TOBB ETÜ Sosyal Bilimler Enstitüsü Ağustos 2019.
504 _aIncludes bibliographical references (pages 123-138).
520 _aThis thesis aims to examine the interaction between Turkish and German state identities and energy security perceptions, and reflections of this interaction to foreign policy behaviors in the context of social constructivism. In this direction, the two countries' energy policies, market structures and relations with international organizations were examined based on their state identities in the post-Cold War period. The study is based on two basic questions: What is the interaction between state identity and energy security of Turkey and Germany? And what is the interaction between energy policy and foreign policy of these countries? In this thesis, process tracing and critical discourse analysis methods were used. In this context, it was seen that Germany adopted a norm-oriented energy policy within the framework of the state identity and this energy policy was reflected in a similar way on its foreign policy. On the other hand, Turkey's energy policy is shaped around the realist power parameters and in this sense the two countries' energy security perceptions differ. This thesis consists of seven chapters. Following introduction, second chapter will include conceptual and theoretical framework, then methodology will be introduced. Chapter four and five will examine Germany and Turkey in terms of state identity, energy security and foreign policy. In chapter six the two countries will be compared and last chapter will summarize the main findings.
520 _aBu çalışmanın başlıca amacı, Türkiye ile Almanya’nın devlet kimliği ve enerji güvenliği algıları arasındaki karşılıklı etkileşimi ve bu etkileşimin dış politika davranışlarına yansımalarını sosyal inşacılık bağlamında incelemektir. Bu doğrultuda iki ülkenin Soğuk Savaş sonrası enerji politikaları, piyasa yapıları ve uluslararası örgütlerle ilişkileri devlet kimliği etrafında incelenmiştir. Çalışma iki temel soruyu temel almaktadır: Türkiye ile Almanya'nın devlet kimlikleri ile enerji güvenlikleri arasındaki etkileşim nedir? Ve bu ülkelerin enerji politikaları ve dış politikaları arasında nasıl bir etkileşim vardır? Bu tezde süreç takibi (process-tracing) ve eleştirel söylem analizi yöntemleri kullanılmış ve Almanya ile Türkiye karşılaştırmalı olarak tartışılmıştır. Bu bağlamda, Almanya'nın devlet kimliği çerçevesinde norm odaklı bir enerji politikası benimsediği ve bu enerji politikasının dış politikasına benzer bir şekilde yansıdığı görülmüştür. Öte yandan, Türkiye’nin enerji politikası güç parametreleri etrafında şekillendirilmektedir ve bu anlamda iki ülkenin enerji güvenliği algıları farklılık göstermektedir. Bu tez yedi bölümde incelenmiştir. Girişin ardından, ikinci bölüm kavramsal ve teorik çerçeveyi içerecek, daha sonra metodoloji tanıtılacaktır. Dördüncü ve beşinci bölümde Almanya ve Türkiye devlet kimliği, enerji güvenliği ve dış politika açısından incelenecek, altıncı bölümde bu iki ülke karşılaştırılarak ve sonuca geçilecektir.
546 _aIn English; abstract in Turkish and English.
650 0 _aDissertations, Academic
_932543
653 _aEnergy security
653 _aForeign policy
653 _aState identity
653 _aGermany
653 _aTurkey
653 _aEnerji güvenliği
653 _aDış politika
653 _aDevlet kimliği
653 _aAlmanya
653 _aTürkiye
700 1 _aDemirtaş-Coşkun, Birgül
_eadvisor
_98363
710 2 _aTOBB Ekonomi ve Teknoloji Üniversitesi.
_bSosyal Bilimler Enstitüsü
_995247
856 4 0 _uhttps://tez.yok.gov.tr/
_3Ulusal Tez Merkezi
942 _cTEZ
_2z